Carmen Natalia : (Registro nro. 14572)

Detalles MARC
000 -LEADER
fixed length control field 01445nam a2200337 i 4500
001 - CONTROL NUMBER
control field 000046626
003 - CONTROL NUMBER IDENTIFIER
control field DO-SdBNP
005 - DATE AND TIME OF LATEST TRANSACTION
control field 20240216101259.0
007 - PHYSICAL DESCRIPTION FIXED FIELD--GENERAL INFORMATION
fixed length control field ta
008 - FIXED-LENGTH DATA ELEMENTS--GENERAL INFORMATION
fixed length control field 170512s2017 dr ac 000 0 spa d
020 ## - INTERNATIONAL STANDARD BOOK NUMBER
International Standard Book Number 9789945088588
040 ## - CATALOGING SOURCE
Original cataloging agency DO-SdBNP
Language of cataloging spa
Transcribing agency BPMSU
Description conventions rda
082 #4 - DEWEY DECIMAL CLASSIFICATION NUMBER
Classification number RD861.44
Item number N2729 2017
Edition number 22
245 10 - TITLE STATEMENT
Title Carmen Natalia :
Remainder of title poemas /
Statement of responsibility, etc. Carmen Natalia ; [compilación] y edición, Ilonka Nacidit Perdomo.
264 ## - PRODUCTION, PUBLICATION, DISTRIBUTION, MANUFACTURE, AND COPYRIGHT NOTICE
Place of production, publication, distribution, manufacture Santo Domingo :
Name of producer, publisher, distributor, manufacturer Editorial Santuario,
Date of production, publication, distribution, manufacture, or copyright notice 2017.
300 ## - PHYSICAL DESCRIPTION
Extent 85 páginas :
Other physical details ilustraciones, retratos ;
Dimensions 24 cm.
336 ## - CONTENT TYPE
Source rdacontent
Content type term texto
Content type code txt
337 ## - MEDIA TYPE
Source rdamedia
Media type term sin mediación
Media type code n
338 ## - CARRIER TYPE
Source rdacarrier
Carrier type term volumen
Carrier type code nc
490 0# - SERIES STATEMENT
Series statement In memoriam
500 ## - GENERAL NOTE
General note Los poemas de Carmen Natalia que integran esta selección, editada para la conmemoración del centenario de su nacimiento 1917-2017
500 ## - GENERAL NOTE
General note Incluye datos biográficos de la autora: p. 81-85
505 0# - FORMATTED CONTENTS NOTE
Formatted contents note Alfarero celete --
Title Canción de la vida insólita --
-- Nofue porque yo quise...
-- La miseria esta de ronda --
-- Grito --
-- Llanto sin término por el hijo natural nunca llegado --
-- Un hombre tras las rejas --
-- Carmen Natalia datos biográficos
590 ## - LOCAL NOTE (RLIN)
Local note Inventariado, 2024/VM
600 14 - SUBJECT ADDED ENTRY--PERSONAL NAME
Personal name Carmen Natalia
Dates associated with a name 1917-1976
650 #4 - SUBJECT ADDED ENTRY--TOPICAL TERM
Topical term or geographic name as entry element Poesía dominicana
650 #4 - SUBJECT ADDED ENTRY--TOPICAL TERM
Topical term or geographic name as entry element Literatura dominicana
700 1# - ADDED ENTRY--PERSONAL NAME
Personal name Nacidit Perdomo, Ilonka,
Relator term compilación
910 ## - USER-OPTION DATA (OCLC)
User-option data VMateo V.Control de calidad.BPMSU
942 ## - ADDED ENTRY ELEMENTS (KOHA)
Source of classification or shelving scheme Dewey Decimal Classification
Koha item type Libros
Existencias
Withdrawn status Lost status Source of classification or shelving scheme Damaged status Not for loan Collection code Home library Current library Date acquired Total Checkouts Full call number Barcode Date last seen Price effective from Koha item type
    Dewey Decimal Classification     Colección Dominicana Biblioteca Pública Metropolitana Salomé Ureña Biblioteca Pública Metropolitana Salomé Ureña 02/16/2024   BPMSU CD RD861.44 N272p 2017 BPMSU24020334 02/16/2024 02/16/2024 Libros